00562nmm a2200169Ia 4500008004100000020001500041041000800056100001900064245011300083264005100196300001800247490003000265650002300295856005000318942000700368999001700375251105s9999||||xx |||||||||||||||||und|| a8470307134 aspa aPlata, Gabriel 0aLa razón romántica :b La cultura política del progresismo español a través de Triunfo (1962-1975) a[Madrid, España] :bBiblioteca Nueva, c1979 a411 páginas aHistoria Biblioteca Nueva aSpanish literature uhttps://public.digitaliapublishing.com/a/3954 cCF c73163d73163